Economic policy and total factor productivity in Kenya / (Record no. 1347)
[ view plain ]
| 000 -LEADER | |
|---|---|
| fixed length control field | 00736nam a22002292 4500 |
| 001 - CONTROL NUMBER | |
| control field | 0000023483 |
| 005 - DATE AND TIME OF LATEST TRANSACTION | |
| control field | 20151021151147.0 |
| 008 - FIXED-LENGTH DATA ELEMENTS--GENERAL INFORMATION | |
| fixed length control field | 130123s xx 000 0 eng d |
| 020 ## - INTERNATIONAL STANDARD BOOK NUMBER | |
| International Standard Book Number | 9966777717 : |
| 040 ## - CATALOGING SOURCE | |
| Original cataloging agency | KABU |
| Transcribing agency | KABU |
| 100 1# - MAIN ENTRY--PERSONAL NAME | |
| Personal name | Oduor, Jacob. |
| -- | 0000181344 |
| 245 10 - TITLE STATEMENT | |
| Title | Economic policy and total factor productivity in Kenya / |
| Statement of responsibility, etc. | Jacob Oduor, Dickson Khainga. |
| 250 ## - EDITION STATEMENT | |
| Edition statement | 1st ed. |
| 260 ## - PUBLICATION, DISTRIBUTION, ETC. (IMPRINT) | |
| Place of publication, distribution, etc. | Nairobi : |
| Name of publisher, distributor, etc. | KIPPRA, |
| Date of publication, distribution, etc. | 2010. |
| 300 ## - PHYSICAL DESCRIPTION | |
| Extent | v, 34 p. |
| 651 #0 - SUBJECT ADDED ENTRY--GEOGRAPHIC NAME | |
| Geographic name | Kenya |
| General subdivision | Economic policy. |
| -- | 0000150198 |
| 700 1# - ADDED ENTRY--PERSONAL NAME | |
| Personal name | Khainga, Dickson. |
| -- | 0000178100 |
| 908 ## - PUT COMMAND PARAMETER (RLIN) | |
| Put command parameter | 130123 |
| 950 ## - LOCAL HOLDINGS (RLIN) | |
| -- | 1 |
| Withdrawn status | Lost status | Source of classification or shelving scheme | Not for loan | Home library | Current library | Date acquired | Total Checkouts | Full call number | Barcode | Date last seen | Price effective from | Koha item type | Copy number |
|---|---|---|---|---|---|---|---|---|---|---|---|---|---|
| Library of Congress Classification | Kabarak, Main Campus | Kabarak, Main Campus | 21/10/2015 | HC865 .O38 2010 c. 3 | 015775 | 02/08/2024 | 21/10/2015 | General Collection | c.3 | ||||
| Library of Congress Classification | Kabarak, Main Campus | Kabarak, Main Campus | 17/12/2015 | HC865 .O38 2010 c. 2 | 015796 | 02/08/2024 | 17/12/2015 | General Collection | |||||
| Library of Congress Classification | Kabarak, Main Campus | Kabarak, Main Campus | 17/12/2015 | HC865 .O38 2010 c. 1 | 014274 | 17/12/2015 | 17/12/2015 | Africana Collection | |||||
| Library of Congress Classification | Kabarak, Nairobi City Campus | Kabarak, Nairobi City Campus | 21/10/2015 | HC865 .O38 2010 c. 1 | 014277 | 21/10/2015 | 21/10/2015 | General Collection | |||||
| Library of Congress Classification | Kabarak, Nakuru City Campus | Kabarak, Nakuru City Campus | 21/10/2015 | HC865 .O38 2010 c. 1 | 014271 | 21/10/2015 | 21/10/2015 | General Collection | |||||
| Library of Congress Classification | Kabarak, Nakuru City Campus | Kabarak, Nakuru City Campus | 21/10/2015 | HC865 .O38 2010 c. 2 | 015773 | 21/10/2015 | 21/10/2015 | General Collection |